| 000 | 01147nam a2200325 a 4500 | ||
|---|---|---|---|
| 003 | CHAP | ||
| 005 | 20220329143640.0 | ||
| 008 | 101116s2009 mx 00010 spa d | ||
| 010 | _a99818 | ||
| 011 | _a100790 | ||
| 020 | _a9786071200846 | ||
| 035 | _a111476 | ||
| 040 | _cCHAP | ||
| 090 | _aCD - 226 | ||
| 100 | 1 |
_aCarrasco Aquíno, Roque Juan. _919341 |
|
| 245 | 1 | 3 |
_aLa planificación territorial y los impactos ambientales del milenio [Disco compacto] _c/por Roque Carrasco Aquíno, José Alfredo Castellanos Suárez y Ramón Rivera Espinosa |
| 260 |
_aChapingo, Méx. : _bUACH, _c2009 |
||
| 300 |
_a1 disco compacto ; _c4 3/4 plgs. |
||
| 590 |
_aBATCH-UPD _b10 _c20130110 _lUCH01 _h1002 |
||
| 590 |
_aBATCH-UPD _b10 _c20130410 _lUCH01 _h0613 |
||
| 590 |
_aBATCH-UPD _b10 _c20130914 _lUCH01 _h0852 |
||
| 590 |
_aCONVERSION _b10 _c20130109 _lUCH01 _h1355 |
||
| 650 | 0 | 4 |
_aImpacto ambiental. _957465 |
| 650 | 0 | 4 |
_aPlaneación regional. _988700 |
| 700 | 0 |
_aCastellanos Suárez, José Alfredo. _920024 |
|
| 700 | 1 |
_aRivera Espinosa, Ramón. _997637 |
|
| 901 | _aBK | ||
| 942 | _cCD | ||
| 949 |
_aCD-226 _bBC _cLIBRO _d33724002222264 _eCD _i111476 _sb |
||
| 999 |
_c99818 _d99818 |
||